Best Guitar solos of all time - Statistics

General Stats
  • This quiz has been taken 65 times
  • The average score is 4 of 10
Answer Stats
Hint Answer % Correct
2. Stairway to Heaven
65%
1. Comfortably Numb
57%
4. Hotel California
51%
10. Eruption
49%
6. Free Bird
33%
3. Layla
25%
8. Fade to black
24%
7. Money
22%
5. Sultans of Swing
22%
9. The Chain
4%
No matching quizzes found
Score Distribution
Percent of People with Each Score
Percentile by Number Answered
Your Score History
You have not taken this quiz